[Event "DEM U18w 2016"]
[Site "Willingen GER"]
[Date "2016.05.19"]
[Round "7"]
[White "Schulz, Theresa Charlotte"]
[Black "Koch, Elisabeth"]
[Result "0-1"]
[Termination "normal"]
[Board "9"]
[WhiteElo "1687"]
[BlackElo "1705"]
[PlyCount "166"]
[WhiteFideId "12952206"]
[BlackFideId "24695068"]
[EventCountry "GER"]
[EventRounds "9"]
[EventType "swiss"]
[EventDate "2016.05.14"]

1. e4 e5 2. Nf3 Nc6 3. d4 exd4 4. Bc4 Nf6 5. e5 d5 6. Bb5 Ne4 7. Nxd4 Bd7 8.
Bxc6 bxc6 9. O-O Bc5 10. c3 O-O 11. Nd2 Nxd2 12. Bxd2 Qh4 13. Be3 Rae8 14. Nf5
Qc4 15. b3 Qb5 16. a4 Qb6 17. a5 Qb5 18. c4 dxc4 19. Qxd7 Bxe3 20. Nxe3 cxb3
21. Qxc7 Rxe5 22. Qxa7 Rb8 23. Qd4 Ree8 24. Rfd1 c5 25. Qc4 Qc6 26. Rab1 Rb4
27. Qc3 Reb8 28. Nf5 Qf6 29. Qxf6 gxf6 30. Rd6 b2 31. Ne7+ Kg7 32. Nc6 Rc4 33.
Rdd1 Rb5 34. h3 Ra4 35. Kh2 c4 36. Nd4 Rb7 37. Nc2 Rxa5 38. Rd4 Rc5 39. Kg3 c3
40. Kf3 Re7 41. Rd3 Ree5 42. Rd4 Rcd5 43. Rc4 Rd3+ 44. Ne3 Ra5 45. Rxc3 Rxc3
46. Rxb2 Kg6 47. Rb7 $11 47... Ra2 48. Rb6 Rd3 49. Rc6 h5 50. Kg3 Rdd2 51. f3
Ra5 52. h4 Re2 53. Rc3 Ra8 54. Rd3 Kh7 55. f4 Re1 56. Kf2 Rh1 57. g3 Rh2+ 58.
Kf3 Re8 59. Rc3 f5 60. Rc5 Kg6 61. Rc6+ f6 62. Rb6 Ra8 63. Rb5 Ra3 64. Rc5 Rb2
65. Rc1 Kf7 66. Re1 Ke6 67. Re2 Rb4 68. Kf2 Re4 69. Nc4 Rxe2+ 70. Kxe2 Rxg3 71.
Ne3 Rg4 72. Kf2 Rxf4+ 73. Kg3 Rg4+ 74. Kh3 Ke5 75. Nd1 Ke4 76. Nf2+ Ke3 77.
Nd1+ Kf3 78. Nc3 Re4 79. Nd5 Re6 80. Nc3 f4 81. Nd5 f5 82. Nc3 Re1 83. Kh2 Kg4
0-1

[Event "DEM U18w 2016"]
[Site "Willingen GER"]
[Date "2016.05.19"]
[Round "7"]
[White "Cejda, Cecilia"]
[Black "Döpper, Anna Bérénice"]
[Result "1/2-1/2"]
[Termination "normal"]
[Board "10"]
[WhiteElo "1635"]
[BlackElo "1821"]
[PlyCount "60"]
[WhiteFideId "12921122"]
[BlackFideId "1271853"]
[EventCountry "GER"]
[EventRounds "9"]
[EventType "swiss"]
[EventDate "2016.05.14"]

1. e4 e6 2. d4 d5 3. Nc3 Nf6 4. Bg5 dxe4 5. Nxe4 Be7 6. Bxf6 Bxf6 7. Nf3 O-O 8.
c3 b6 9. Bd3 Bb7 10. Qe2 Re8 11. O-O-O Qe7 12. g4 g6 13. h4 Bg7 14. h5 f5 15.
hxg6 fxe4 16. gxh7+ Kh8 17. Bxe4 Bxe4 18. Qxe4 Nd7 19. Nh4 Nf8 20. Rde1 Bf6 21.
Nf3 Qg7 22. Reg1 Bg5+ 23. Kb1 Nd7 24. Nh2 Nf6 25. Qd3 Nd5 26. Nf3 Nf4 27. Qe4
Rf8 28. Ne5 Rae8 29. Ka1 Rf6 30. Qc6 Rff8 1/2-1/2

[Event "DEM U18w 2016"]
[Site "Willingen GER"]
[Date "2016.05.19"]
[Round "7"]
[White "Rösler, Hannah"]
[Black "Eggert, Daniela"]
[Result "0-1"]
[Termination "normal"]
[Board "11"]
[WhiteElo "1400"]
[BlackElo "1688"]
[PlyCount "86"]
[WhiteFideId "12983500"]
[BlackFideId "12991490"]
[EventCountry "GER"]
[EventRounds "9"]
[EventType "swiss"]
[EventDate "2016.05.14"]

1. e4 g6 2. d4 Bg7 3. Nc3 d6 4. f4 e6 5. Nf3 Ne7 6. Be3 Nd7 7. Bd3 b6 8. O-O c5
9. Nb5 Nf6 10. e5 dxe5 11. fxe5 Nfd5 12. Nd6+ Kf8 13. Bd2 Nf5 14. Bxf5 exf5 15.
dxc5 bxc5 16. Bg5 Ne7 17. Qe2 h6 18. Bh4 Be6 19. Rad1 Qb6 20. c4 g5 21. Bf2 Nc8
22. a3 Nxd6 23. Rxd6 Qc7 24. Qd3 g4 25. Nh4 Bxe5 26. Rxe6 fxe6 27. Ng6+ Kf7 28.
Nxh8+ Rxh8 29. b4 cxb4 30. axb4 Bxh2+ 31. Kh1 Bd6 32. c5 Be7 33. Rd1 Rd8 34.
Qb3 Rxd1+ 35. Qxd1 h5 36. b5 h4 37. c6 Bd8 38. Qa1 a5 39. bxa6 Qxc6 40. a7 Qa8
41. Qa4 h3 42. Qd7+ Be7 43. Bh4 Qxg2# 0-1

[Event "DEM U18w 2016"]
[Site "Willingen GER"]
[Date "2016.05.19"]
[Round "7"]
[White "Holschuh, Paulina"]
[Black "Shirov-Michna, Masza"]
[Result "1/2-1/2"]
[Termination "normal"]
[Board "13"]
[WhiteElo "1042"]
[BlackElo "1320"]
[PlyCount "77"]
[WhiteFideId "16208552"]
[BlackFideId "12921998"]
[EventCountry "GER"]
[EventRounds "9"]
[EventType "swiss"]
[EventDate "2016.05.14"]

1. e4 d5 2. exd5 Qxd5 3. Nc3 Qd6 4. Bc4 Nf6 5. Nf3 a6 6. d3 b5 7. Bb3 Bb7 8.
O-O Nbd7 9. d4 e6 10. Re1 Be7 11. Ne2 Ng4 12. Bf4 Qc6 13. Ng3 g5 14. Bd2 Nxh2
15. Kxh2 g4 16. d5 exd5 17. Nd4 Qf6 18. Ndf5 Ne5 19. Bc3 Qc6 20. Bxd5 Qxd5 21.
Qxd5 Bxd5 22. Rxe5 Be6 23. Rxe6 fxe6 24. Bxh8 exf5 25. Re1 Kf7 26. Nxf5 Bc5 27.
Bd4 Bxd4 28. Nxd4 Rd8 29. Re4 c5 30. Rf4+ Kg6 31. Ne6 Rd2 32. Nxc5 Rxc2 33.
Nxa6 Rxb2 34. Nc7 Kg5 35. Ne6+ Kg6 36. Nc7 Kg5 37. Ne6+ Kg6 38. Nc7 Kg5 39.
Ne6+ 1/2-1/2

[Event "DEM U18w 2016"]
[Site "Willingen GER"]
[Date "2016.05.20"]
[Round "8"]
[White "Böhm, Jana"]
[Black "Weis, Olga"]
[Result "1-0"]
[Termination "normal"]
[Board "1"]
[WhiteElo "1927"]
[BlackElo "1902"]
[WhiteClock "00:59:21"]
[BlackClock "00:26:25"]
[PlyCount "37"]
[WhiteFideId "24661589"]
[BlackFideId "1270234"]
[EventCountry "GER"]
[EventRounds "9"]
[EventType "swiss"]
[EventDate "2016.05.14"]

1. e4 e5 2. Nf3 Nc6 3. Bb5 a6 4. Bxc6 dxc6 5. O-O Ne7 6. Nxe5 Qd4 7. Qh5 g6 8.
Nf3 Qxe4 9. Qa5 Qf4 10. d3 Qd6 11. Nbd2 Bg7 12. Ne4 Qd8 13. Bg5 O-O 14. Bf6 Bf5
15. Qe5 Bxe4 16. Bxg7 Re8 17. dxe4 Nf5 18. Bf6 Rxe5 19. Bxd8 1-0

[Event "DEM U18w 2016"]
[Site "Willingen GER"]
[Date "2016.05.20"]
[Round "8"]
[White "Zahn, Alina"]
[Black "Rosmait, Emily"]
[Result "1/2-1/2"]
[Termination "normal"]
[Board "2"]
[WhiteTitle "WFM"]
[WhiteElo "2116"]
[BlackElo "1915"]
[WhiteClock "00:26:35"]
[BlackClock "00:21:31"]
[PlyCount "90"]
[WhiteFideId "24696730"]
[BlackFideId "12937754"]
[EventCountry "GER"]
[EventRounds "9"]
[EventType "swiss"]
[EventDate "2016.05.14"]

1. e4 c5 2. Nf3 Nc6 3. d4 cxd4 4. Nxd4 e5 5. Nb5 a6 6. Nd6+ Bxd6 7. Qxd6 Qf6 8.
Qd1 Qg6 9. Nc3 d5 10. Nxd5 Qxe4+ 11. Be3 Nd4 12. Nc7+ Ke7 13. Rc1 Bg4 14. Qd3
Qxd3 15. Bxd3 Rd8 16. h3 Bh5 17. g4 Bg6 18. Bxg6 hxg6 19. c3 Nf3+ 20. Ke2 e4
21. Rcd1 Rd7 22. Bc5+ Kd8 23. Bb6 Ke7 24. Rxd7+ Kxd7 25. c4 Ne7 26. Rd1+ Kc6
27. c5 Nc8 28. Ba5 Ne5 29. Rd4 f5 30. b4 Nf7 31. a4 b6 32. cxb6 Nxb6 33. Nxa6
Nxa4 34. gxf5 gxf5 35. Nc7 Nb6 36. Ne6 g6 37. Rd2 Ne5 38. Rc2+ Nbc4 39. Bc7 Kd7
40. Bxe5 Nxe5 41. Nc5+ Kd6 42. Nb7+ Ke6 43. Nc5+ Kd6 44. Nb7+ Ke6 45. Nc5+ Kd6
1/2-1/2

[Event "DEM U18w 2016"]
[Site "Willingen GER"]
[Date "2016.05.20"]
[Round "8"]
[White "Gaßmann, Linda"]
[Black "Bork, Sophie"]
[Result "1-0"]
[Termination "normal"]
[Board "3"]
[WhiteElo "1816"]
[BlackElo "1735"]
[WhiteClock "00:12:17"]
[BlackClock "00:03:42"]
[PlyCount "57"]
[WhiteFideId "12900451"]
[BlackFideId "12905429"]
[EventCountry "GER"]
[EventRounds "9"]
[EventType "swiss"]
[EventDate "2016.05.14"]

1. d4 d5 2. c4 e6 3. Nf3 Nf6 4. cxd5 exd5 5. g3 Be7 6. Bg2 O-O 7. O-O c5 8.
dxc5 Bxc5 9. a3 a6 10. Bg5 Be6 11. Nc3 Nc6 12. Rc1 d4 13. Bxf6 gxf6 14. Ne4 Be7
15. Nc5 Qb6 16. Nd3 Bf5 17. Nh4 Bg6 18. f4 f5 19. Nf3 Rfe8 20. Nd2 Bf8 21. Nc4
Qa7 22. Bf3 Rad8 23. Re1 Ne7 24. Qb3 Nd5 25. Nce5 Ne3 26. Rc7 Qb8 27. Rxb7 Qd6
28. Nxf7 Qe6 29. Qxe6 1-0

[Event "DEM U18w 2016"]
[Site "Willingen GER"]
[Date "2016.05.20"]
[Round "8"]
[White "Stallknecht, Britta"]
[Black "Wiesner, Paula"]
[Result "0-1"]
[Termination "normal"]
[Board "4"]
[WhiteElo "1769"]
[BlackElo "2116"]
[WhiteClock "00:21:57"]
[BlackClock "00:16:41"]
[PlyCount "62"]
[WhiteFideId "12987050"]
[BlackFideId "24654019"]
[EventCountry "GER"]
[EventRounds "9"]
[EventType "swiss"]
[EventDate "2016.05.14"]

1. Nf3 Nf6 2. b3 c5 3. e3 d6 4. d4 cxd4 5. Nxd4 e5 6. Nf3 Nc6 7. Bb2 Be6 8. Be2
Be7 9. O-O O-O 10. c4 Ne4 11. Nfd2 Nxd2 12. Qxd2 f5 13. Nc3 f4 14. exf4 Rxf4
15. Nd5 Rf8 16. Nxe7+ Qxe7 17. Rad1 Rad8 18. Qe3 Rf4 19. Bf3 Rdf8 20. Bxc6 bxc6
21. Qd3 Qf6 22. f3 d5 23. cxd5 cxd5 24. Rfe1 d4 25. Qa6 Rd8 26. Qxa7 Bd5 27.
Qc7 Rf5 28. Ba3 Ra8 29. Qd6 Qf7 30. Bb4 Rg5 31. Rxe5 Rxg2+ 0-1

[Event "DEM U18w 2016"]
[Site "Willingen GER"]
[Date "2016.05.20"]
[Round "8"]
[White "Brandl, Lea Maria"]
[Black "Graf, Pia"]
[Result "1/2-1/2"]
[Termination "normal"]
[Board "5"]
[WhiteElo "1927"]
[BlackElo "1744"]
[WhiteClock "00:19:25"]
[BlackClock "00:18:03"]
[PlyCount "86"]
[WhiteFideId "24693049"]
[BlackFideId "12917737"]
[EventCountry "GER"]
[EventRounds "9"]
[EventType "swiss"]
[EventDate "2016.05.14"]

1. d4 f5 2. c4 Nf6 3. Nf3 d6 4. g3 g6 5. Bg2 Bg7 6. b4 c6 7. Bb2 O-O 8. O-O Qc7
9. Nc3 Re8 10. Qb3 Kh8 11. d5 e5 12. e3 Na6 13. dxc6 bxc6 14. Rfd1 Be6 15. Ba3
Rad8 16. b5 Nb8 17. bxc6 e4 18. Nd4 Nxc6 19. Ndb5 Qa5 20. Rxd6 Rxd6 21. Bxd6 a6
22. Bc7 Qb4 23. Qxb4 Nxb4 24. Nd6 Re7 25. Bb6 Rd7 26. c5 Ng4 27. Rc1 Nxf2 28.
Ne2 Nfd3 29. Rd1 Nd5 30. Nf4 N5xf4 31. gxf4 Bf8 32. Bf1 Bxd6 33. cxd6 Rxd6 34.
Bd4+ Kg8 35. Bxd3 exd3 36. Rxd3 Bxa2 37. Rc3 h5 38. Rc7 a5 39. Rg7+ Kf8 40. Ra7
Rd5 41. Kf2 Rb5 42. Ra6 Bf7 43. Bc3 Rb7 1/2-1/2

[Event "DEM U18w 2016"]
[Site "Willingen GER"]
[Date "2016.05.20"]
[Round "8"]
[White "Döpper, Anna Bérénice"]
[Black "Schulz, Theresa Charlotte"]
[Result "0-1"]
[Termination "normal"]
[Board "9"]
[WhiteElo "1821"]
[BlackElo "1687"]
[PlyCount "54"]
[WhiteFideId "1271853"]
[BlackFideId "12952206"]
[EventCountry "GER"]
[EventRounds "9"]
[EventType "swiss"]
[EventDate "2016.05.14"]

1. a3 d5 2. e3 e6 3. d4 Bd6 4. c4 c6 5. Nf3 f5 6. Nc3 Nf6 7. cxd5 exd5 8. Be2
O-O 9. O-O Nbd7 10. Bd3 Ne4 11. b4 Nxc3 12. Qb3 Ne4 13. b5 Rb8 14. a4 Ndf6 15.
Ba3 Bxa3 16. Qxa3 Qd6 17. Qxd6 Nxd6 18. Ne5 Bd7 19. bxc6 Bxc6 20. Rfb1 Nd7 21.
Nxc6 bxc6 22. Rc1 Rfc8 23. Ba6 Rc7 24. g3 Rb2 25. Bd3 c5 26. Kf1 c4 27. Ra3
Rcb7 0-1

[Event "DEM U18w 2016"]
[Site "Willingen GER"]
[Date "2016.05.20"]
[Round "8"]
[White "Möller, Hannah"]
[Black "Silber, Stefanie"]
[Result "1-0"]
[Termination "normal"]
[Board "10"]
[WhiteElo "1735"]
[BlackElo "1599"]
[PlyCount "47"]
[WhiteFideId "1270514"]
[BlackFideId "12918245"]
[EventCountry "GER"]
[EventRounds "9"]
[EventType "swiss"]
[EventDate "2016.05.14"]

1. e4 e6 2. d4 g6 3. Nc3 Bg7 4. Nf3 Ne7 5. Bf4 d6 6. Be2 O-O 7. Qd2 Nd7 8. Bh6
b6 9. Bxg7 Kxg7 10. h4 Nf6 11. O-O-O Bb7 12. Bd3 c5 13. e5 dxe5 14. dxe5 Nfd5
15. h5 Rh8 16. Rh3 Qc7 17. Nb5 Qc6 18. Rdh1 Kf8 19. Nd6 Qc7 20. Qh6+ Kg8 21.
hxg6 fxg6 22. Bxg6 Nxg6 23. Qxg6+ Kf8 24. Rxh7 1-0

[Event "DEM U18w 2016"]
[Site "Willingen GER"]
[Date "2016.05.20"]
[Round "8"]
[White "Krastina, Alma"]
[Black "Cejda, Cecilia"]
[Result "0-1"]
[Termination "normal"]
[Board "11"]
[WhiteElo "1631"]
[BlackElo "1635"]
[PlyCount "78"]
[WhiteFideId "16222105"]
[BlackFideId "12921122"]
[EventCountry "GER"]
[EventRounds "9"]
[EventType "swiss"]
[EventDate "2016.05.14"]

1. e4 c5 2. Nf3 Nf6 3. e5 Nd5 4. a3 e6 5. b4 cxb4 6. axb4 Bxb4 7. c3 Be7 8. d4
d6 9. exd6 Bxd6 10. Nbd2 Nxc3 11. Qb3 Nd5 12. Bb5+ Bd7 13. O-O O-O 14. Ne4 Be7
15. Bd3 Qb6 16. Qd1 Nc6 17. Nc5 Bxc5 18. dxc5 Qxc5 19. Bxh7+ Kxh7 20. Ng5+ Kg8
21. Bb2 f6 22. Ne4 Qb4 23. Qc2 Qb6 24. Ng3 Nd4 25. Bxd4 Qxd4 26. Nh5 Qg4 27.
Qd1 Qxd1 28. Rfxd1 Rfc8 29. Nf4 Nxf4 30. Rxd7 Ne2+ 31. Kf1 Rc1+ 32. Rxc1 Nxc1
33. Rxb7 a5 34. Rb1 Nd3 35. g3 a4 36. Ke2 Ne5 37. Kd1 a3 38. Kc2 a2 39. Ra1 Ng4
0-1

[Event "DEM U18w 2016"]
[Site "Willingen GER"]
[Date "2016.05.20"]
[Round "8"]
[White "Holschuh, Paulina"]
[Black "Klenk, Sofie"]
[Result "0-1"]
[Termination "normal"]
[Board "12"]
[WhiteElo "1042"]
[BlackElo "1810"]
[PlyCount "130"]
[WhiteFideId "16208552"]
[BlackFideId "12996653"]
[EventCountry "GER"]
[EventRounds "9"]
[EventType "swiss"]
[EventDate "2016.05.14"]

1. e4 e6 2. d4 d5 3. Nc3 Nf6 4. Nf3 dxe4 5. Ne5 Bb4 6. Bc4 O-O 7. O-O Nbd7 8.
Bf4 Nb6 9. Qe2 Bxc3 10. bxc3 Nbd5 11. Qd2 Nh5 12. Be3 f5 13. Qd1 Nhf6 14. Bg5
Nxc3 15. Qd2 Ncd5 16. Rad1 Qe8 17. f3 exf3 18. Rxf3 Ne4 19. Qc1 Ndc3 20. Re1 b5
21. Bd3 Bb7 22. Rh3 Nxg5 23. Qxg5 Ne4 24. Qh4 Nf6 25. Ree3 a6 26. Reg3 Qe7 27.
Rg6 h5 28. Rhg3 Nd5 29. Rxg7+ Qxg7 30. Rxg7+ Kxg7 31. Qg5+ Kh7 32. Qg6+ Kh8 33.
Nf7+ Rxf7 34. Qxf7 Nf4 35. Qf6+ Kh7 36. Bxf5+ exf5 37. Qxf5+ Ng6 38. Qxh5+ Kg7
39. Qg5 Rh8 40. Qg3 Rc8 41. Qg4 Re8 42. Qd7+ Re7 43. Qg4 Be4 44. c3 c6 45. Qg3
Rf7 46. h4 Kf8 47. h5 Nf4 48. Qg4 Bxg2 49. Qc8+ Ke7 50. Qc7+ Ke6 51. Qc8+ Kd5
52. Qg8 Ke6 53. h6 Be4 54. Kh2 Kf6 55. Kg3 Ne2+ 56. Kh4 Nxc3 57. a3 Rh7 58.
Qf8+ Ke6 59. Qe8+ Kd5 60. Qg8+ Kxd4 61. Qg1+ Kc4 62. Qg8+ Kd3 63. Qg3+ Kc2 64.
Qf2+ Kb3 65. Qd2 a5 0-1

[Event "DEM U18w 2016"]
[Site "Willingen GER"]
[Date "2016.05.21"]
[Round "9"]
[White "Zahn, Alina"]
[Black "Böhm, Jana"]
[Result "1/2-1/2"]
[Termination "normal"]
[Board "1"]
[WhiteTitle "WFM"]
[WhiteElo "2116"]
[BlackElo "1927"]
[WhiteClock "00:21:39"]
[BlackClock "00:37:49"]
[PlyCount "88"]
[WhiteFideId "24696730"]
[BlackFideId "24661589"]
[EventCountry "GER"]
[EventRounds "9"]
[EventType "swiss"]
[EventDate "2016.05.14"]

1. e4 e6 2. Nf3 Be7 3. Nc3 Nf6 4. e5 Nd5 5. Nxd5 exd5 6. d4 d6 7. Bd3 Bg4 8.
Bf4 Nc6 9. c3 dxe5 10. dxe5 Qd7 11. Bb5 O-O 12. h3 Bh5 13. Qd2 Qf5 14. Bd3 Qe6
15. g4 Bg6 16. O-O-O Bxd3 17. Qxd3 d4 18. c4 Nb4 19. Qb3 c5 20. a3 Nc6 21. Qd3
a6 22. Rde1 b5 23. Nd2 Na5 24. b3 Rab8 25. Kc2 Rb7 26. Rb1 Rfb8 27. Rhe1 Bh4
28. Nf3 Bd8 29. Nd2 Bc7 30. Bg3 bxc4 31. bxc4 Rxb1 32. Rxb1 Rxb1 33. Kxb1 Bxe5
34. Qe4 Qb6+ 35. Kc2 Bd6 36. Bxd6 Qxd6 37. Qa8+ Qf8 38. Qxa6 Qd8 39. Kd3 g6 40.
Qb5 Qc7 41. Ne4 Qf4 42. Qxa5 Qf3+ 43. Kd2 Qf4+ 44. Kd3 Qf3+ 1/2-1/2

[Event "DEM U18w 2016"]
[Site "Willingen GER"]
[Date "2016.05.21"]
[Round "9"]
[White "Weis, Olga"]
[Black "Gaßmann, Linda"]
[Result "1/2-1/2"]
[Termination "normal"]
[Board "2"]
[WhiteElo "1902"]
[BlackElo "1816"]
[WhiteClock "00:05:35"]
[BlackClock "00:17:07"]
[PlyCount "54"]
[WhiteFideId "1270234"]
[BlackFideId "12900451"]
[EventCountry "GER"]
[EventRounds "9"]
[EventType "swiss"]
[EventDate "2016.05.14"]

1. d4 Nf6 2. Nf3 g6 3. Nbd2 d5 4. b4 Bg7 5. e3 O-O 6. Be2 c6 7. a4 a5 8. c3
Nbd7 9. O-O Re8 10. Nb3 b6 11. Bb2 Ba6 12. Bxa6 Rxa6 13. Qd3 Ra8 14. bxa5 bxa5
15. Rfb1 Ne4 16. c4 Nd6 17. Nfd2 e5 18. cxd5 e4 19. Qc2 cxd5 20. Qc6 Nf6 21.
Ba3 Bf8 22. Nc5 Qc8 23. Qxc8 Rexc8 24. Rb6 Rcb8 25. Rab1 Rxb6 26. Rxb6 Kg7 27.
Rb1 Rc8 1/2-1/2

[Event "DEM U18w 2016"]
[Site "Willingen GER"]
[Date "2016.05.21"]
[Round "9"]
[White "Rosmait, Emily"]
[Black "Bork, Sophie"]
[Result "0-1"]
[Termination "normal"]
[Board "3"]
[WhiteElo "1915"]
[BlackElo "1735"]
[WhiteClock "00:03:55"]
[BlackClock "00:02:52"]
[PlyCount "80"]
[WhiteFideId "12937754"]
[BlackFideId "12905429"]
[EventCountry "GER"]
[EventRounds "9"]
[EventType "swiss"]
[EventDate "2016.05.14"]

1. e4 e5 2. Nf3 Nc6 3. Bb5 a6 4. Ba4 Nge7 5. Nc3 d6 6. h3 Bd7 7. a3 g6 8. d4
exd4 9. Nxd4 Bg7 10. Be3 O-O 11. Bb3 b5 12. Nd5 Rb8 13. c3 Nxd5 14. Bxd5 Ne5
15. O-O c6 16. Bb3 c5 17. Ne2 Be6 18. Bd5 Qe7 19. b3 Nd7 20. Bf4 Rb6 21. Rb1
Bxd5 22. exd5 Ne5 23. Re1 Rbb8 24. Ng3 Qc7 25. Ne4 Rbe8 26. Re3 h6 27. Qc2 f5
28. Nd2 g5 29. Bh2 f4 30. Ree1 Qf7 31. c4 Qh5 32. Qd1 g4 33. hxg4 Nxg4 34. Nf3
Bd4 35. Rxe8 Rxe8 36. Qc2 Bxf2+ 37. Kh1 Bg3 38. Kg1 Bxh2+ 39. Kh1 Bg3+ 40. Kg1
Bf2+ 0-1

[Event "DEM U18w 2016"]
[Site "Willingen GER"]
[Date "2016.05.21"]
[Round "9"]
[White "Wiesner, Paula"]
[Black "Poetsch, Leonore"]
[Result "1-0"]
[Termination "normal"]
[Board "4"]
[WhiteElo "2116"]
[BlackElo "1829"]
[WhiteClock "00:44:45"]
[BlackClock "00:51:10"]
[PlyCount "55"]
[WhiteFideId "24654019"]
[BlackFideId "12940372"]
[EventCountry "GER"]
[EventRounds "9"]
[EventType "swiss"]
[EventDate "2016.05.14"]

1. e4 e6 2. d4 d5 3. Nd2 Nf6 4. e5 Nfd7 5. Bd3 c5 6. c3 Nc6 7. Ne2 Qb6 8. Nf3
cxd4 9. cxd4 Be7 10. O-O O-O 11. Nf4 Nb4 12. Bb1 Re8 13. a3 Nc6 14. Re1 Nf8 15.
Bc2 Bd7 16. Rb1 a5 17. Be3 Rec8 18. h4 Rc7 19. Qd3 Rac8 20. Rec1 Na7 21. Ng5 h6
22. Nf3 Bb5 23. Qd2 a4 24. Nh5 g6 25. Nf6+ Bxf6 26. exf6 h5 27. Bf4 Rd7 28. Bc7
1-0

[Event "DEM U18w 2016"]
[Site "Willingen GER"]
[Date "2016.05.21"]
[Round "9"]
[White "Schulz, Theresa Charlotte"]
[Black "Brandl, Lea Maria"]
[Result "1/2-1/2"]
[Termination "normal"]
[Board "5"]
[WhiteElo "1687"]
[BlackElo "1927"]
[WhiteClock "00:31:20"]
[BlackClock "00:22:29"]
[PlyCount "51"]
[WhiteFideId "12952206"]
[BlackFideId "24693049"]
[EventCountry "GER"]
[EventRounds "9"]
[EventType "swiss"]
[EventDate "2016.05.14"]

1. e4 c5 2. Nc3 Nc6 3. f4 g6 4. Nf3 Bg7 5. Bc4 a6 6. a3 e6 7. e5 d5 8. exd6
Qxd6 9. Ne4 Qe7 10. O-O Nf6 11. d3 O-O 12. Rb1 Rd8 13. Qe1 b5 14. Ba2 Bb7 15.
Be3 Nxe4 16. dxe4 Rac8 17. f5 exf5 18. Ng5 c4 19. exf5 Re8 20. fxg6 fxg6 21.
Rf7 Qxe3+ 22. Qxe3 Rxe3 23. Rxb7 Re2 24. Rd1 h6 25. Nf3 Bxb2 26. Bxc4+ 1/2-1/2

[Event "DEM U18w 2016"]
[Site "Willingen GER"]
[Date "2016.05.21"]
[Round "9"]
[White "Graf, Pia"]
[Black "Schumann, Rabea"]
[Result "0-1"]
[Termination "normal"]
[Board "6"]
[WhiteElo "1744"]
[BlackElo "1878"]
[WhiteClock "00:21:34"]
[BlackClock "00:07:36"]
[PlyCount "120"]
[WhiteFideId "12917737"]
[BlackFideId "12918199"]
[EventCountry "GER"]
[EventRounds "9"]
[EventType "swiss"]
[EventDate "2016.05.14"]

1. e4 c5 2. c3 Nf6 3. e5 Nd5 4. Bc4 Nb6 5. Bb3 Nc6 6. Nf3 g6 7. d4 cxd4 8. cxd4
Bg7 9. Nc3 O-O 10. O-O d6 11. exd6 Qxd6 12. Ne4 Qd8 13. Neg5 Nxd4 14. Nxd4 Qxd4
15. Qxd4 Bxd4 16. Rd1 Bf6 17. Be3 Bf5 18. Rd2 Kg7 19. h3 h6 20. Nf3 Rfd8 21.
Rad1 Rxd2 22. Rxd2 Rc8 23. Nd4 Bd7 24. Rd1 Nc4 25. Bc1 Na5 26. Be3 Nxb3 27.
Nxb3 Be6 28. Nc5 Bxa2 29. Nxb7 Rc7 30. Nc5 e6 31. b4 Bd5 32. Rc1 Be5 33. f4 Bd6
34. Bd4+ Kh7 35. Be3 h5 36. g3 Kg8 37. Kf2 Kf8 38. Ra1 Ke7 39. Bd4 f6 40. Re1
Kf7 41. Re2 a5 42. Na6 Rc4 43. Bc5 Bxc5+ 44. bxc5 Bb7 45. Nc7 Bc8 46. Nb5 Rxc5
47. Nd6+ Ke7 48. Nxc8+ Rxc8 49. Ra2 Ra8 50. Ke3 a4 51. Kd4 Kd6 52. Ra3 e5+ 53.
fxe5+ fxe5+ 54. Ke4 Kc5 55. Kxe5 Kb4 56. Ra1 a3 57. Kf6 Ra6+ 58. Kg5 Kb3 59.
Re1 a2 60. Re3+ Kc4 0-1

[Event "DEM U18w 2016"]
[Site "Willingen GER"]
[Date "2016.05.21"]
[Round "9"]
[White "Klenk, Sofie"]
[Black "Hund, Sarah"]
[Result "1-0"]
[Termination "normal"]
[Board "7"]
[WhiteElo "1810"]
[BlackElo "1951"]
[PlyCount "45"]
[WhiteFideId "12996653"]
[BlackFideId "12923338"]
[EventCountry "GER"]
[EventRounds "9"]
[EventType "swiss"]
[EventDate "2016.05.14"]

1. d4 Nf6 2. Bg5 d5 3. c4 c6 4. cxd5 cxd5 5. Nc3 Nc6 6. Rc1 Bf5 7. e3 e6 8. Qb3
Qb6 9. Qxb6 axb6 10. Nf3 Ne4 11. a3 f6 12. Bf4 Kf7 13. Nxe4 dxe4 14. Nd2 Be7
15. Nc4 b5 16. Nd6+ Bxd6 17. Bxd6 Rhd8 18. Bc5 b4 19. axb4 Ra2 20. b5 Ne7 21.
Ba3 Nd5 22. Bc4 Rc8 23. Kd2 1-0

[Event "DEM U18w 2016"]
[Site "Willingen GER"]
[Date "2016.05.21"]
[Round "9"]
[White "Cejda, Cecilia"]
[Black "Stallknecht, Britta"]
[Result "1/2-1/2"]
[Termination "normal"]
[Board "8"]
[WhiteElo "1635"]
[BlackElo "1769"]
[PlyCount "44"]
[WhiteFideId "12921122"]
[BlackFideId "12987050"]
[EventCountry "GER"]
[EventRounds "9"]
[EventType "swiss"]
[EventDate "2016.05.14"]

1. e4 d5 2. exd5 Qxd5 3. Nc3 Qa5 4. d4 c6 5. Nf3 Nf6 6. Bc4 Bf5 7. Bd2 e6 8.
Qe2 Bb4 9. O-O-O Nbd7 10. a3 Bxc3 11. Bxc3 Qc7 12. Kb1 O-O-O 13. Rhe1 Nd5 14.
Bd2 h6 15. Ne5 Nxe5 16. Qxe5 Qxe5 17. dxe5 Rd7 18. Bxd5 Rxd5 19. Bc3 Rhd8 20.
Kc1 b6 21. Rxd5 Rxd5 22. Rd1 Rxd1+ 1/2-1/2

[Event "DEM U18w 2016"]
[Site "Willingen GER"]
[Date "2016.05.21"]
[Round "9"]
[White "Koch, Elisabeth"]
[Black "Möller, Hannah"]
[Result "1-0"]
[Termination "normal"]
[Board "9"]
[WhiteElo "1705"]
[BlackElo "1735"]
[PlyCount "73"]
[WhiteFideId "24695068"]
[BlackFideId "1270514"]
[EventCountry "GER"]
[EventRounds "9"]
[EventType "swiss"]
[EventDate "2016.05.14"]

1. e4 c5 2. Nc3 Nc6 3. f4 g6 4. Nf3 Bg7 5. d3 e6 6. g3 Nge7 7. Bh3 d6 8. O-O
O-O 9. Ne2 b5 10. g4 b4 11. f5 exf5 12. gxf5 gxf5 13. exf5 Nxf5 14. Ng5 Nfd4
15. Bxc8 Qxc8 16. Ng3 Ne6 17. Qh5 Nxg5 18. Bxg5 Qe6 19. Rf2 Bxb2 20. Raf1 Bd4
21. Kh1 Bxf2 22. Rxf2 Qg6 23. Qh4 f5 24. Nh5 Kf7 25. Rg2 Rg8 26. Nf4 Ne5 27.
Nxg6 hxg6 28. Re2 Rae8 29. Bf4 Rh8 30. Qg3 Kf6 31. Qg2 Ng4 32. Bxd6 Ne3 33. Qc6
Rc8 34. Be7+ Kxe7 35. Rxe3+ Kf7 36. Qd7+ Kf6 37. Qe7# 1-0

[Event "DEM U18w 2016"]
[Site "Willingen GER"]
[Date "2016.05.21"]
[Round "9"]
[White "Morio, Estelle"]
[Black "Holschuh, Paulina"]
[Result "1-0"]
[Termination "normal"]
[Board "10"]
[WhiteElo "1801"]
[BlackElo "1042"]
[PlyCount "39"]
[WhiteFideId "12951951"]
[BlackFideId "16208552"]
[EventCountry "GER"]
[EventRounds "9"]
[EventType "swiss"]
[EventDate "2016.05.14"]

1. f4 Nf6 2. Nf3 g6 3. b3 Bg7 4. Bb2 O-O 5. e3 d6 6. Be2 Nbd7 7. O-O b6 8. Qe1
Re8 9. Bd1 c5 10. d3 e5 11. fxe5 dxe5 12. e4 Qc7 13. Nbd2 Re7 14. a4 a5 15. Nc4
Ne8 16. Ne3 Qb8 17. Nd5 Re6 18. Ng5 Rc6 19. Ne7+ Kf8 20. Nxc6 1-0